000 00569nam a2200229Ia 4500
003 OSt
005 20220924153108.0
006 a|||||r|||| 00| 0
007 ta
008 220923b |||||||| |||| 00| 0 guj d
024 _a346756
037 _cTextual
040 _aARTS
_cARTS
_bguj
041 _2guj
_aguj
082 _aO156,3N19,18, K0
100 _aBarot Sarang
_9228099
245 0 _aAgankhal
260 _c1960
650 _aGUJRATI LITERATURE
942 _hO156,3N19,18, K0
_cTEXL
_2CC
999 _c472284
_d472284